<?xml version="1.0" encoding="UTF-8"?>
<record
    xmlns:xsi="http://www.w3.org/2001/XMLSchema-instance"
    xsi:schemaLocation="http://www.loc.gov/MARC21/slim http://www.loc.gov/standards/marcxml/schema/MARC21slim.xsd"
    xmlns="http://www.loc.gov/MARC21/slim">

  <leader>02283nam a2200301   4500</leader>
  <controlfield tag="001">337</controlfield>
  <controlfield tag="003">OSt</controlfield>
  <controlfield tag="005">20250528074018.0</controlfield>
  <controlfield tag="008">250328b        |||||||g |||| 00| 1 eng d</controlfield>
  <datafield tag="040" ind1=" " ind2=" ">
    <subfield code="b">por</subfield>
  </datafield>
  <datafield tag="041" ind1=" " ind2=" ">
    <subfield code="h">fre</subfield>
    <subfield code="a">por</subfield>
  </datafield>
  <datafield tag="082" ind1=" " ind2=" ">
    <subfield code="a">843</subfield>
    <subfield code="b">V935c</subfield>
  </datafield>
  <datafield tag="100" ind1="1" ind2=" ">
    <subfield code="a">Voltaire,</subfield>
    <subfield code="d">1694-1778</subfield>
    <subfield code="9">700</subfield>
  </datafield>
  <datafield tag="245" ind1=" " ind2=" ">
    <subfield code="a">Contos /</subfield>
    <subfield code="c">Voltaire ; Tradu&#xE7;&#xE3;o de Mario Quintana</subfield>
  </datafield>
  <datafield tag="260" ind1=" " ind2=" ">
    <subfield code="a">S&#xE3;o Paulo</subfield>
    <subfield code="b">Abril</subfield>
    <subfield code="c">1972</subfield>
  </datafield>
  <datafield tag="300" ind1=" " ind2=" ">
    <subfield code="a">672 p.</subfield>
  </datafield>
  <datafield tag="490" ind1="1" ind2=" ">
    <subfield code="a">Os imortais da Literatura Universal</subfield>
    <subfield code="v">vol. 40</subfield>
  </datafield>
  <datafield tag="520" ind1=" " ind2=" ">
    <subfield code="a">Em O ing&#xEA;nuo, um pr&#xED;ncipe huroniano chega na Fran&#xE7;a e submete-se aos costumes franceses, tornando-se cat&#xF3;lico. Para isso um abade lhe deu um exemplar do Novo Testamento. Se apaixona pela madrinha de seu batismo. O romance mostra as diferen&#xE7;as entre o cristianismo primitivo e eclesi&#xE1;stico. No romance Micr&#xF4;megas, Voltaire narra a visita de um enorme habitante de Sirius a Terra. Com oito l&#xE9;guas de altura, e mil sentidos, essa ra&#xE7;a costuma viver mais de dez mil anos. Sob essa perspectiva vem a tona a finitude e a pequenez da Terra e seus habitantes. O ET diz que &#xE9; na Terra que a felicidade mora, se dirigindo aos humanos, &#xE1;tomos inteligentes e imateriais. Um fil&#xF3;sofo humano exp&#xF5;em ao visitante a brutalidade da exist&#xEA;ncia carniceira na Terra, provocando ira e decep&#xE7;&#xE3;o no alien&#xED;gena. O fil&#xF3;sofo o dissuade de seu impulso de matar a todos com suas passadas. Em Zadig, Voltaire conta a hist&#xF3;ria de um s&#xE1;bio babil&#xF4;nio. Ao defender a sua amada, Zadig &#xE9; ferido no olho. Perde a vis&#xE3;o desse olho. A amante, Samira, comprometre-se com outro homem. Zadig casa-se com uma camponesa. Testa a fidelidade da camponesa com um amigo, fingindo-se de morto. Tra&#xED;do, foge para o bosque. Adquirindo sapi&#xEA;ncia, torna-se amigo e ministro do rei. A rainha se apaixona por Zadig. O rei planeja mat&#xE1;-los e Zadig foge. Num transe vislumbra a ordem imut&#xE1;vel do universo. A trajet&#xF3;ria de Zadig prossegue. Ele &#xE9; feito escravo, mas depois torna-se assessor de seu senhor</subfield>
  </datafield>
  <datafield tag="650" ind1=" " ind2="0">
    <subfield code="a">Literatura francesa</subfield>
    <subfield code="9">122</subfield>
  </datafield>
  <datafield tag="650" ind1=" " ind2="0">
    <subfield code="a">Historias curtas </subfield>
    <subfield code="9">67</subfield>
  </datafield>
  <datafield tag="650" ind1=" " ind2="0">
    <subfield code="a">Hist&#xF3;ria</subfield>
    <subfield code="9">116</subfield>
  </datafield>
  <datafield tag="650" ind1=" " ind2="0">
    <subfield code="a">Drama</subfield>
    <subfield code="9">18</subfield>
  </datafield>
  <datafield tag="655" ind1=" " ind2="0">
    <subfield code="a">Conto</subfield>
    <subfield code="9">68</subfield>
  </datafield>
  <datafield tag="655" ind1=" " ind2="0">
    <subfield code="a">Fic&#xE7;&#xE3;o </subfield>
    <subfield code="9">22</subfield>
  </datafield>
  <datafield tag="700" ind1=" " ind2=" ">
    <subfield code="a">M&#xE1;rio Quintana</subfield>
    <subfield code="9">506</subfield>
  </datafield>
  <datafield tag="830" ind1=" " ind2=" ">
    <subfield code="a">Os Imortais da Literatura Universal</subfield>
    <subfield code="9">461</subfield>
    <subfield code="v">vol. 40</subfield>
  </datafield>
  <datafield tag="942" ind1=" " ind2=" ">
    <subfield code="2">ddc</subfield>
    <subfield code="n">0</subfield>
    <subfield code="c">BK</subfield>
  </datafield>
  <datafield tag="952" ind1=" " ind2=" ">
    <subfield code="0">0</subfield>
    <subfield code="1">0</subfield>
    <subfield code="2">ddc</subfield>
    <subfield code="4">0</subfield>
    <subfield code="7">0</subfield>
    <subfield code="8">FIC</subfield>
    <subfield code="a">BIBIB</subfield>
    <subfield code="b">BIBIB</subfield>
    <subfield code="c">LE</subfield>
    <subfield code="d">2025-03-28</subfield>
    <subfield code="e">doa&#xE7;&#xE3;o</subfield>
    <subfield code="l">0</subfield>
    <subfield code="o">843 / V935c</subfield>
    <subfield code="p">2025-17291</subfield>
    <subfield code="r">2025-03-28 10:42:09</subfield>
    <subfield code="w">2025-03-28</subfield>
    <subfield code="y">BK</subfield>
  </datafield>
  <datafield tag="999" ind1=" " ind2=" ">
    <subfield code="c">337</subfield>
    <subfield code="d">337</subfield>
  </datafield>
</record>
